02373nam a22001697a 4500008004100000020001500041050001500056100003100071245010000102250001200202260003400214300003100248500004300279505183900322700002202161700002002183180208b xxu||||| |||| 00| 0 eng d a0815155778 aRG951.M318 aLOWDERMILK, Deitra Leonard aMaternity & women's health care. /cDeitra Leonard Lowdermilk, Shannon E. Perry, Irene M. Bobak a6th ed. aMissouri:bMosby Inc.,c1997. axxv, 1409p.:bills.;c29cm aIncludes appendix, glossary and index. aContents: Unit one: Foundations: Contemporary issues in maternity and women's health care -- The family and culture -- Ethical issues -- Anatomy and physiology of the reproductive system -- Home care -- Normal Pregnancy: Genetics, conception and fetal development -- Anatomy and physiology of pregnancy -- Maternal and fetal nutrition -- Family dynamics of pregnancy -- Nursing care in the first trimester -- Nursing care in the second trimester -- Nursing care in the third trimester -- Childbirth education -- Normal childbirth: Essential factors and processes of labor -- Pain management -- Fetal monitoring -- First stage of labor -- Second and third stages of labor -- Normal postpartum: Postpartum physiology -- Nursing care during the postpartum period -- Family dynamics after childbirth -- The newborn: Assessment of the newborn -- Nursing care of the newborn -- Newborn nutrition and feeding -- Maternal-newborn home care -- Complications of childbearing: Assessment for risk factors -- Hypertensive disorders in pregnancy -- Immunology and perinatal infections -- Maternal hermorrhagic disorders -- Endocrine and metabolic disorders -- Medical-surgical problems in pregnancy -- Obstetric critical care, hemodynamic monitoring and trauma -- Mental health disorders and substance abuse -- Adolescent secuality, pregnancy and parenthood -- Labor and birth at risk -- Newborn complications: Nursing care of the compromised newborn -- Gestational age and birth weight -- Physiologic alterations in the neonate -- Acquired problems of the neonate -- Loss and grief -- Women's health: Health assessment, screening and prevention -- Experiences and disorders of the menstrual cycle -- Contraception -- Infertility -- Violence against women -- Problems of the breast -- Structural disorders and neoplasms of the reproductive system. aPERRY, Shannon E. aBOBAK, Irene M.